| 000 | 00450cam a2200145 4500500 | ||
|---|---|---|---|
| 005 | 20251012010852.0 | ||
| 041 | _afre | ||
| 042 | _adc | ||
| 100 | 1 | 0 |
_aMichaud, Yves _eauthor |
| 245 | 0 | 0 | _aCorps, âmes et âmes-corps |
| 260 | _c2011. | ||
| 500 | _a92 | ||
| 786 | 0 | _nPhilosophie magazine | 52 | 9 | 2011-09-01 | p. 1-1 | 1951-1787 | |
| 856 | 4 | 1 | _uhttps://shs.cairn.info/magazine-philosophie-magazine-2011-9-page-1?lang=fr&redirect-ssocas=7080 |
| 999 |
_c1520974 _d1520974 |
||